Central Library OPAC University of Rajshahi

Biotechnological applications for integrated pest management / (Record no. 37316)

MARC details
000 -LEADER
fixed length control field 01073nam a2200325 a 4500
001 - CONTROL NUMBER
control field 37316
003 - CONTROL NUMBER IDENTIFIER
rucl marc code BD-RjUL
005 - DATE AND TIME OF LATEST TRANSACTION
control field 20211209052611.0
008 - FIXED-LENGTH DATA ELEMENTS--GENERAL INFORMATION
fixed length control field 141126s2000 nhua b 001 0 eng
020 ## - INTERNATIONAL STANDARD BOOK NUMBER
International Standard Book Number 8120414128
International Standard Book Number 1578081378
035 ## - SYSTEM CONTROL NUMBER
System control number (BD-RjUL)37419
040 ## - CATALOGING SOURCE
Original cataloging agency DLC
Transcribing agency DLC
Modifying agency DLC
-- BD-RjUL
Language of cataloging eng
041 ## - LANGUAGE CODE
Language code of text/sound track or separate title eng
082 00 - DEWEY DECIMAL CLASSIFICATION NUMBER
Classification number 632.9
Edition number 21
Author mark and year BIO 200
245 00 - TITLE STATEMENT
Title Biotechnological applications for integrated pest management /
Statement of responsibility, etc. editors, S. Ignacimuthu, A. Sen, S. Janarthanan.
260 ## - PUBLICATION, DISTRIBUTION, ETC. (IMPRINT)
Place of publication, distribution, etc. Enfield, N.H. :
Name of publisher, distributor, etc. Science Publishers,
Date of publication, distribution, etc. c2000.
300 ## - PHYSICAL DESCRIPTION
Pagination 149 p. :
Illustrations ill. ;
Size 25 cm.
504 ## - BIBLIOGRAPHY, ETC. NOTE
Bibliography, etc Includes bibliographical reference and index.
650 #0 - SUBJECT ADDED ENTRY--TOPICAL TERM
Topical term or geographic name as entry element Insect pests
General subdivision Integrated control.
9 (RLIN) 114291
Topical term or geographic name as entry element Plants
General subdivision Insect resistance
-- Genetic aspects.
9 (RLIN) 114372
Topical term or geographic name as entry element Transgenic plants.
9 (RLIN) 114373
Topical term or geographic name as entry element Agricultural biotechnology.
9 (RLIN) 114374
700 1# - ADDED ENTRY--PERSONAL NAME
Personal name Ignacimuthu, S.
Personal name Sen, Alok.
Personal name Janarthanan, S.
942 ## - ADDED ENTRY ELEMENTS (KOHA)
Source of classification or shelving scheme Dewey Decimal Classification
Koha item type Books
Holdings
Lost status Source of classification or shelving scheme Damaged status Not for loan Collection code Permanent Location Current Location Shelving location Date acquired Cost, normal purchase price Total Checkouts Full call number Date last seen Copy number Koha item type
  Dewey Decimal Classification   Not For Loan Non-fiction Institute of Biological Sciences (IBSc) Library Institute of Biological Sciences (IBSc) Library   26/11/2014 300.00   632.9 BIO 2000 26/11/2014 C-1 Books